000 00239nam a2200097Ia 4500
001 1198395
005 20250827021844.0
008 250824s9999 xx 000 0 und d
245 0 _a220 VOLT
_cJOSEPH İNCARDONA
260 _bEVEREST YAYINLARI
999 _c1198395
_d1198395